00784nam a22002417a 450000500170000001000130001702000100003003500130004003700160005304000120006908200130008110000150009424500590010926000420016827000680021030000280027865000300030665000360033670000090037294200220038199900190040395201200042220170124110208.0 aB-229350 c00.00 aB-229350 bCen Lib/Ret aDPLbEN a000bARI aAri937706 aSelf study guide NIFT NID IIFT entrance exam /cby Ari aNew DelhibAcademic Publishers c2001 aB-9, Ratan Jyoti Building ,18 Rajendra PlacebNew Delhie110008 aVarious Pagesc26cm(Hb) aFashion Management937707 a Management-Fashion Exam937708 96520 2ddccENh000mARI c133355d133355 00104070aLbLd2015-07-25eCen Lib/Retg0.00l0o000 ARIpB-229350r2015-07-25 00:00:00t1v0.00w2015-07-25yEN